| 000 | 00801cam a2200277 i 4500 | ||
|---|---|---|---|
| 005 | 20260322212008.0 | ||
| 008 | data | ||
| 010 | _a 76007675 //r86 | ||
| 020 |
_a0465011896 : _c{dollar}15.00 |
||
| 020 |
_a9780465011896 : _c{dollar}15.00 |
||
| 040 |
_aDLC _cDLC _dYUS |
||
| 043 | _an-us--- | ||
| 049 | _aYUSC | ||
| 050 | 0 |
_aHV5810 _b.G73 (LC) |
|
| 096 | _aWM 270 G885c | ||
| 100 | 1 |
_aGrinspoon, Lester, _d1928- |
|
| 245 | 1 | 0 |
_aCocaine : _ba drug and its social evolution / _cLester Grinspoon & James B. Bakalar. |
| 260 |
_aNew York : _bBasic Books, _cc1976. |
||
| 300 |
_ax, 308 p. ; _c24 cm. |
||
| 500 | _aIncludes index. | ||
| 504 | _aBibliography: p. [287]-292. | ||
| 650 | 0 |
_aCocaine _xHistory. |
|
| 650 | 0 |
_aCocaine abuse _zUnited States. |
|
| 700 | 1 |
_aBakalar, James B., _d1943- |
|
| 001 | data | ||
| 999 |
_c146 _d146 |
||